| 000 | 00407nam a2200157Ia 4500 | ||
|---|---|---|---|
| 008 | 210716s2008 xx 000 0 und d | ||
| 020 | _a9780313345401 | ||
| 041 | _aeng | ||
| 082 | _a658.162 BING | ||
| 100 | _aBing, Gordon. | ||
| 245 |
_aDue deligence: planning questions issues. _bPlanning questions issues. |
||
| 250 | _a1 | ||
| 260 |
_aLondon _bPraeger _c2008 |
||
| 300 | _axiii,204 | ||
| 650 | _aNone | ||
| 999 |
_c206324 _d206324 |
||